00681 a2200205 4500001000700000020002100007040002200028041001600050082002400066245003200090250000900122260003400131300000800165362001300173500010900186697005200295942000700347952010200354999001900456134917 a978-85-0001-9784 cLeonardo Da Vinci aPortuguês ar001.9 G981gbG981g aGUINNESS World Records 2008 a2008 bEdiouroc2007aRio de Janeiro a286 a20070000 aTítulo original: The Guinness Book of recordsaAna Carolina Mesquita e Gustavo Mesquita (Tradução) aReferênciaaAnuárioaRecordesaCuriosidades cBK 00104070a71.1b71.1d2024-03-27l0or001.9 G981gpO010265r2024-03-27 22:34:23w2024-03-27yBK c134917d134917